Simulation of Airflow Pattern Inside Air Intake (Record no. 326464)

000 -LEADER
fixed length control field 00389 a2200133 4500
001 - CONTROL NUMBER
control field 91391
082 ## - DEWEY DECIMAL CLASSIFICATION NUMBER
Classification number PR 1285
090 ## - LOCALLY ASSIGNED LC-TYPE CALL NUMBER (OCLC); LOCAL CALL NUMBER (RLIN)
-- 43520
-- 43519
100 ## - MAIN ENTRY--PERSONAL NAME
Personal name Bilal Farooq; Prof Khalid Pervaiz and Wajid Ali Chishti (Advisors)
245 ## - TITLE STATEMENT
Title Simulation of Airflow Pattern Inside Air Intake
Number of part/section of a work 49 "A" EC
260 ## - PUBLICATION, DISTRIBUTION, ETC.
Place of publication, distribution, etc. Karachi
Name of publisher, distributor, etc. NED University
Date of publication, distribution, etc. 1998
300 ## - PHYSICAL DESCRIPTION
Extent 40p
500 ## - GENERAL NOTE
General note BE Poject Reports
942 ## - ADDED ENTRY ELEMENTS (KOHA)
Institution code [OBSOLETE] CAE NUST
Call number prefix PR 1285
Holdings
Withdrawn status Lost status Damaged status Not for loan Collection code Permanent Location Current Location Date acquired Total Checkouts Full call number Barcode Date last seen Price effective from Koha item type
          College of Aeronautical Engineering (CAE) College of Aeronautical Engineering (CAE) 04/03/2017   PR 1285 CAEPR-1285 04/05/2017 04/05/2017 Book
© 2023 Central Library, National University of Sciences and Technology. All Rights Reserved.